000 00624nam a2200193Ia 4500
003 OSt
005 20251008144046.0
008 220926b |||||||| |||| 00| 0 eng d
037 _cReference
040 _aRTL
_cRTL
_beng
041 _2eng
_aeng
084 _aΣ, L5/SC
_qRTL
100 _aGanguli, B. N.
_9370969
245 0 _aConcept of equality: the nineteenth century Indian debate
260 _aSimla
_bIndian Institute of Advanced Study
_c1975
300 _avii,132 p.
_ccm.
_bIncludes bibliographical references and index.
942 _hΣ, L5/SC
_cREF
_2CC
_n0
999 _c691218
_d691218